| 000 | 00455nam a22001457a 4500 | ||
|---|---|---|---|
| 005 | 20250911151226.0 | ||
| 008 | 250911b |||||||| |||| 00| 0 eng d | ||
| 020 | _a0781481889 | ||
| 050 |
_aBS491 _b.C55 QUA |
||
| 100 | _aQUARCOOPOME T. N. O. | ||
| 245 |
_aHISTORY AND RELIGION OF ISRAEL; _bFROM THE CREATION THROUGH THE MONARCHY TO THE EXILE (586 B.C.) |
||
| 260 |
_aIBADAN _bAFRICAN UNIVERSITIES PRESS _cc1986 |
||
| 300 | _aviii, 274p | ||
| 942 |
_2lcc _cBK _n0 |
||
| 999 |
_c7527 _d7527 |
||